Biggest Cities of the Early Western United States with a Map - Statistics

General Stats
  • This quiz has been taken 130 times
  • The average score is 12 of 40
Answers on the Map
Answers color-coded by a green-red scale on the quiz's map according to % correct below.
 
Answer Stats
Population State Cities % Correct
17,242 LA New Orleans
96%
770 MI Detroit
93%
1,100 TN Nashville
92%
1,600 MO St. Louis
89%
2,540 OH Cincinnati
86%
1,357 KY Louisville
81%
4,326 KY Lexington
74%
730 TN Knoxville
70%
1,099 KY Frankfort
60%
383 OH Dayton
59%
593 OH Springfield
44%
1,511 MS Natchez
32%
414 OH Hamilton
22%
1,154 OH Zanesville
22%
1,617 OH Steubenville
21%
450 MO St. Charles
20%
700 LA Natchitoches
19%
413 KY Newport
18%
1,369 OH Chillicothe
15%
800 MO New Madrid
15%
1,500 MO Ste. Genevieve
14%
578 OH Athens
13%
815 KY Washington
13%
524 MS Washington
13%
529 KY Georgetown
12%
670 IN Vincennes
12%
429 OH Xenia
11%
432 KY Danville
10%
622 IL Kaskaskia
10%
711 IL Cahokia
9%
463 OH Marietta
9%
838 KY Paris
9%
821 KY Bardstown
7%
488 KY Versailles
7%
532 KY Russellville
5%
431 OH St. Clairsville
5%
538 KY Winchester
5%
830 IL Shawneetown
4%
500 AR Arkansas Post
3%
424 KY Shelbyville
3%
No matching quizzes found
Score Distribution
Percent of People with Each Score
Percentile by Number Answered
Your Score History
You have not taken this quiz